Регионална библиотека "Любен Каравелов" - Русе

Илюстрирана библия (Запис номер 126644)

MARC детайли
000 -Лидер
Контролно поле с фиксирана дължина 01376nam a2200325 c 4500
003 - Код на организацията, давaща контролен номер
Контролно поле BLK
005 - Дата и час на последна редакция
Контролно поле 20220126095635.0
008 - Елементи от данни с фиксирана дължина
fixed length control field 180409b bul|||||r ||||||| ||bul||
010 ## - Наследен системен номер
LC control number KNG00132332000
040 ## - Източник на каталожния запис
Идентификатор на билиотеката - собственик на записа BLK
041 ## - Код за език
Код за езика на текст/звукозапис или на отделно заглавие Български
Код за езика КДБФ Български
080 ## - УДК
Текстов определител УДК Свещено писание. Библия. Стар и Нов завет
УДК код - определител по УДК 22
УДК - код + определител 22
139 ## - Редно поле
Редна дума Библия
Авторски знак Би - Б 44
245 10 - Сведения за заглавието
Заглавие Илюстрирана библия
Подзаглавни данни С библейски текстове по Синодалния прев.
Редно поле (дума) грав. Юлиус Шнор фон Каролсфелд; подб. Неврокопски митрополит Пимен.
257 ## - Страна на издаване
Страна на създаване/издаване Сборници - Свят
260 ## - Област на издателските данни
Име на издателя, разпространителя и проч. Синод. изд. на Бълг. православна църква
Година на издаване 1993
300 ## - Физическа характеристика
Страници 256 с.
Илюстрации и др. с ил.
Размери/Мащаб 30 см
380 ## - Жанр
Жанр Религия. Теология
500 ## - Общи забележки
Забележка Други състав. : П. Ив. Петров, К. Ал. Златев.
650 #4 - Допълнително описание по предмет – тема
Основно описание – тема или топоним Библия
9 (RLIN) 148564
653 ## - Ключова дума – ненормативна
Ключова дума Библия
700 1# - Други автори (авторска отговорност)
Лично име Каролсфелд, Юлиус Шнор фон
Автороска отговорност (Описва отношението между автора и произведението) грав.
9 (RLIN) 77228
700 1# - Други автори (авторска отговорност)
Лично име Пимен, Неврокопски митрополит
Автороска отговорност (Описва отношението между автора и произведението) подб.
9 (RLIN) 320233
710 1# - Име на организация или юридическо лице като допълнителен термин за търсене
Наименование на организация или юридическо лице като редна дума Библия
9 (RLIN) 148564
852 ## - Местоположение
Форматна сигнатура Цб ІІ 8196
856 4# - Електронен адрес и достъп
Електронен формат pdf - файл
856 4# - Електронен адрес и достъп
Електронен формат pdf - файл
999 ## - СИСТЕМНИ КОНТРОЛНИ НОМЕРА
Koha biblionumber 126644
Koha biblioitemnumber 126644
942 ## - АРТИКУЛИ
Вид на библиотечния материал Книги
Скрит в OPAC Не
Koha issues (borrowed), all copies 1
Периодичен библиозапис Да
944 ## - СЪЗДАВАНЕ И РЕДАКЦИЯ на ЗАПИСА
Създаване/Редакция Създаване
Дата на регистрацията/редакция 23.07.2012
Статус, дата на статуса ф / 23.07.2012
Служител, извършил регистрацията/редакцията Кина_Георгиева
944 ## - СЪЗДАВАНЕ И РЕДАКЦИЯ на ЗАПИСА
Създаване/Редакция Редакция
Дата на регистрацията/редакция 05.06.2017
Статус, дата на статуса ф / 23.07.2012
Служител, извършил регистрацията/редакцията Людмила_Стоянова
999 ## - СИСТЕМНИ КОНТРОЛНИ НОМЕРА
Koha biblioitemnumber 126644
Наличности
Код за отписване Код за изгубен артикул Източник на класификационната схема Код за повреда Коз за рестрикции Код за отдаване Артикулен № Име на библиотеката - собственик Име на библиотеката, в която се намира в момента Статус (Текущо местоположение) Дата на вписване в системата Местоположение - отдел Цена в лева Инвентарен номер Систематично азбучна сигнатура Баркод Номер на екземпляра Цена в евро Служебна бележка Служебен тип на артикула
  Не е изгубен Universal Decimal Classification Не е повреден без рестрикции ползва се в читалня 205989 Регионална библиотека "Любен Каравелов" Русе Регионална библиотека "Любен Каравелов" Русе Хранилище 1993-01-01 Хранилище 0.00 594128 Цб ІІ 8196 120000594128 1 0.00 Дост: Dp Вид: Д N: стар фонд Дата: 01.01.1993 Книги
Изтеглен Не е изгубен Universal Decimal Classification Не е повреден без рестрикции заемане за дома 205990 Регионална библиотека "Любен Каравелов" Русе Регионална библиотека "Любен Каравелов" Русе Детски отдел 2017-05-04 Детски отдел 18.00 120000810652 ДН 2/Б 44 120000810652 2 9.20 Дост: DA Вид: А N: 19 Дата: 04.05.2017 Книги
  Не е изгубен   Не е повреден без рестрикции заемане за дома 205991 Регионална библиотека "Любен Каравелов" Русе Регионална библиотека "Любен Каравелов" Русе Детски отдел 2017-05-04 Детски отдел 18.00 120000810653 ДН 2/Б 44 120000810653 3 9.20 Дост: DA Вид: А N: 19 Дата: 04.05.2017 Книги
Vip Innovations Ltd, Rousse, Bulgaria 2025